Statistics for Sunday Morning by Maroon 5 Lyrics

Click here to take the quiz!

General Stats

  • This quiz has been taken 367 times
  • The average score is 178 of 233

Answer Stats

Sunday % Correct
morning
100%
morning
100%
Sunday
100%
Sunday
100%
I
98%
is
97%
is
97%
a
96%
falling
95%
rain
95%
rain
95%
so
95%
me
94%
me
94%
some
92%
to
91%
you
91%
You
91%
you
91%
all
88%
all
88%
and
88%
And
88%
in
87%
In
87%
In
87%
in
87%
skin
86%
need
85%
see
84%
share
82%
she
82%
That
82%
that
82%
on
81%
your
81%
Come
80%
it
80%
the
80%
want
80%
leave
79%
never
79%
with
79%
be
78%
darkness
78%
Back
76%
back
76%
get
76%
do
75%
rest
75%
rest
75%
bones
74%
slow
74%
life
73%
Driving
71%
hard
71%
may
70%
someday
70%
crazy
69%
out
69%
would
69%
am
68%
covers
68%
lead
68%
gets
67%
just
67%
if
66%
things
66%
every
64%
go
64%
living
64%
my
64%
unforgettable
64%
knew
63%
But
62%
I'm
62%
twist
62%
we
62%
Steal
61%
up
61%
outline
60%
fit
59%
road
59%
are
58%
hit
58%
gladly
57%
trace
57%
still
56%
Fingers
55%
moments
55%
picture
55%
when
55%
us
54%
Clouds
53%
together
52%
mold
51%
Paint
51%
storm
50%
ends
49%
like
49%
bring
48%
hands
48%
calling
46%
weather
46%
branches
45%
Change
45%
home
40%
sway
40%
shrouding
39%
know
36%
livin'
36%
it'll
34%
not
32%
myself
31%
Find
30%
way
30%
Singing
26%
and forth
22%

Score Distribution

Percentile by Number Answered

Percent of People with Each Score

Your Score History

You have not taken this quiz